Adi baat (Record no. 17658)
[ view plain ]
| 000 -LEADER | |
|---|---|
| fixed length control field | 00263nam a22001217a 4500 |
| 008 - FIXED-LENGTH DATA ELEMENTS--GENERAL INFORMATION | |
| fixed length control field | 140107t xxu||||| |||| 00| 0 eng d |
| 020 ## - INTERNATIONAL STANDARD BOOK NUMBER | |
| International Standard Book Number | 969-35-1139-5 |
| 100 ## - MAIN ENTRY--PERSONAL NAME | |
| Personal name | Bano Qudsiya |
| 9 (RLIN) | 543 |
| 245 ## - TITLE STATEMENT | |
| Title | Adi baat |
| 246 ## - VARYING FORM OF TITLE | |
| Title proper/short title | adhi baat |
| 300 ## - PHYSICAL DESCRIPTION | |
| Extent | 300 |
| 942 ## - ADDED ENTRY ELEMENTS (KOHA) | |
| Source of classification or shelving scheme | |
| Koha item type | Book |
| Withdrawn status | Lost status | Source of classification or shelving scheme | Damaged status | Not for loan | Permanent Location | Current Location | Date acquired | Total Checkouts | Full call number | Barcode | Date last seen | Price effective from | Koha item type |
|---|---|---|---|---|---|---|---|---|---|---|---|---|---|
| School of Civil and Environmental Engineering (SCEE) | School of Civil and Environmental Engineering (SCEE) | 09/04/2020 | 891.4393 QUD | NIT-13195 | 09/04/2020 | 09/04/2020 | Book |
